000 00365nam a2200157Ia 4500
003 OSt
005 20240304114646.0
008 170524s9999 xx 000 0 und d
020 _a 9788176710190
040 _cIIMT UNIVERSITY MEERUT
100 _aTimoshenko sp
245 0 _aelements of strenth of materials
260 _bewp
260 _c2007
942 _2ddc
_c02
999 _c5462
_d5462